[Event "Doeberl Cup Premier 51st"]
[Site "Canberra"]
[Date "2013.03.30"]
[Round "6"]
[White "Ambrus, Endre"]
[Black "Smirnov, Anton"]
[Result "0-1"]
[WhiteElo "2324"]
[BlackElo "2194"]
[PlyCount "138"]
[EventDate "2013.03.28"]
[EventType "swiss"]
[EventRounds "9"]
[EventCountry "AUS"]
[SourceTitle "CBM 153 Extra"]
[Source "ChessBase"]
[SourceDate "2013.04.22"]
[SourceVersion "1"]
[SourceVersionDate "2013.04.22"]
[SourceQuality "1"]

1. Nf3 d5 2. b3 Nf6 3. Bb2 c5 4. g3 Nc6 5. Bg2 Bf5 6. 0-0 e6 7. d3 Be7 8. Nbd2 0-0 9. Re1 Bg6 10. e4 dxe4 11. dxe4 Qc7 12. Qe2 Rfd8 13. a3 Rac8 14. Rad1 Nd4 15. Nxd4 cxd4 16. Rc1 e5 17. Bh3 Rb8 18. Qc4 Qd6 19. Qf1 Nd7 20. c3 d3 21. c4 Bh5 22. f3 Bg5 23. Rcd1 Bxd2 24. Rxd2 Qb6+ 25. Kg2 Qxb3 26. Qxd3 Qxd3 27. Rxd3 Nc5 28. Rd5 Nd3 29. Rb1 b6 30. Bc3 f6 31. Rd1 Rxd5 32. cxd5 Nc5 33. Rb1 Nb7 34. Bb4 Bf7 35. Rc1 g6 36. Rc8+ Rxc8 37. Bxc8 Nc5 38. Bxc5 bxc5 39. g4 Kf8 40. Bd7 Ke7 41. Ba4 Kd6 42. Kf2 h6 43. h4 h5 44. Ke3 g5 45. hxg5 fxg5 46. gxh5 Bxh5 47. Bd1 c4 48. Kd2 Kc5 49. Kc3 Be8 50. Be2 Bh5 51. Kc2 Be8 52. Kd2 Kd4 53. Bd1 Bb5 54. a4 Bd7 55. a5 Bb5 56. Kc2 Ba4+ 57. Kc1 Bd7 58. Kb2 Kd3 59. Kc1 Bb5 60. Bc2+ Kc3 61. Bd1 Kb4 62. Kc2 Kxa5 63. Kc3 Kb6 64. Be2 Kc5 65. Bf1 a5 66. Bh3 a4 67. Bc8 a3 68. Bb7 Ba4 69. Bc8 Bb3 0-1

[Event "Canberra ANU op"]
[Site "Canberra"]
[Date "2009.07.26"]
[Round "6"]
[White "Ambrus, Endre"]
[Black "Setiabudi, Allen"]
[Result "1-0"]
[WhiteElo "2273"]
[BlackElo "1801"]
[PlyCount "85"]
[EventDate "2009.07.25"]
[EventType "swiss"]
[EventRounds "7"]
[EventCountry "AUS"]
[SourceTitle "EXT 2011"]
[Source "ChessBase"]
[SourceDate "2010.11.26"]
[SourceVersion "1"]
[SourceVersionDate "2010.11.26"]
[SourceQuality "1"]

1. b3 Nf6 2. Bb2 g6 3. e4 d6 4. Nc3 Bg7 5. Nd5 Nbd7 6. d3 0-0 7. Ne3 e5 8. Be2 c6 9. g4 Nc5 10. h4 Be6 11. Nh3 Qc7 12. g5 Nfd7 13. c4 Qa5+ 14. Kf1 Bxh3+ 15. Rxh3 f5 16. exf5 gxf5 17. Ng2 Ne6 18. Qe1 Qxe1+ 19. Rxe1 Rae8 20. Bh5 Re7 21. Rhe3 c5 22. Rh3 Nb8 23. Bf3 Nc6 24. Bd5 Kh8 25. Bc1 Nb4 26. h5 Rfe8 27. Nh4 Nxd5 28. cxd5 Nd4 29. h6 Bf8 30. g6 hxg6 31. Nxg6+ Kh7 32. Nxe7 Bxe7 33. Be3 Nb5 34. f4 e4 35. dxe4 fxe4 36. Kf2 Bf6 37. Rg1 Nc3 38. Rh5 a6 39. Rf5 Bd4 40. Rf7+ Kxh6 41. Rf5 Re7 42. Rfg5 Bxe3+ 43. Kxe3 1-0

[Event "Canberra ANU op"]
[Site "Canberra"]
[Date "2009.07.26"]
[Round "7"]
[White "Ambrus, Endre"]
[Black "Toth, Andras"]
[Result "1-0"]
[WhiteElo "2273"]
[BlackElo "2368"]
[PlyCount "93"]
[EventDate "2009.07.25"]
[EventType "swiss"]
[EventRounds "7"]
[EventCountry "AUS"]
[SourceTitle "EXT 2011"]
[Source "ChessBase"]
[SourceDate "2010.11.26"]
[SourceVersion "1"]
[SourceVersionDate "2010.11.26"]
[SourceQuality "1"]

1. e4 c5 2. Nf3 e6 3. Nc3 a6 4. g3 b5 5. Bg2 Bb7 6. d3 d6 7. 0-0 Nf6 8. Ng5 h6 9. Nh3 Nc6 10. f4 b4 11. Nb1 d5 12. e5 Nd7 13. Nd2 Be7 14. Nf3 Qc7 15. c3 bxc3 16. bxc3 a5 17. Rf2 Ba6 18. Rb1 Rb8 19. Rxb8+ Qxb8 20. g4 g6 21. f5 g5 22. f6 Bd8 23. d4 Qb1 24. Rb2 Qd3 25. Qxd3 Bxd3 26. Nf2 Bc4 27. Bf1 Bxf1 28. Kxf1 Nb6 29. Rb5 Na4 30. Ba3 Kd7 31. Nd3 Bb6 32. Nb2 Nxb2 33. Rxb2 Rb8 34. Ke2 Kc7 35. Kd3 Rg8 36. Rb5 Na7 37. Rb1 Nc6 38. h3 Ra8 39. Rh1 cxd4 40. Bd6+ Kd7 41. Rb1 Ra6 42. Nxd4 Bxd4 43. Rb7+ Ke8 44. cxd4 Ra7 45. Rb5 Ra8 46. Rb6 Nb4+ 47. Kd2 1-0

[Event "Canberra ANU op"]
[Site "Canberra"]
[Date "2009.07.25"]
[Round "2"]
[White "Ambrus, Endre"]
[Black "Voon, Richard"]
[Result "1-0"]
[WhiteElo "2273"]
[BlackElo "1861"]
[PlyCount "51"]
[EventDate "2009.07.25"]
[EventType "swiss"]
[EventRounds "7"]
[EventCountry "AUS"]
[SourceTitle "EXT 2011"]
[Source "ChessBase"]
[SourceDate "2010.11.26"]
[SourceVersion "1"]
[SourceVersionDate "2010.11.26"]
[SourceQuality "1"]

1. e4 c5 2. Nf3 d6 3. Bc4 e6 4. 0-0 Nf6 5. d3 a6 6. c3 Be7 7. Bb3 b5 8. Re1 Bb7 9. Nbd2 Nc6 10. Nf1 0-0 11. Bf4 d5 12. e5 Nh5 13. Be3 f5 14. exf6 Nxf6 15. Bf4 Qd7 16. Qe2 Nd8 17. Ng3 Re8 18. Ne5 Qc8 19. d4 Bc6 20. Bc2 b4 21. Nh5 Nd7 22. Nxg7 Kxg7 23. Qg4+ Kh8 24. Nxd7 Nf7 25. Qh5 h6 26. Qg6 1-0

[Event "Oceania zt"]
[Site "Gold Coast"]
[Date "2009.06.20"]
[Round "2"]
[White "Schon, Eugene"]
[Black "Ambrus, Endre"]
[Result "1-0"]
[WhiteElo "2186"]
[BlackElo "2375"]
[PlyCount "56"]
[EventDate "2009.06.20"]
[EventType "swiss"]
[EventRounds "9"]
[EventCountry "AUS"]
[SourceTitle "CBM 130 Extra"]
[Source "ChessBase"]
[SourceDate "2009.07.02"]
[SourceVersion "2"]
[SourceVersionDate "2009.07.15"]
[SourceQuality "1"]

1. e4 Nc6 2. Nf3 d6 3. d4 Nf6 4. Nc3 Bg4 5. Be3 e6 6. Be2 Be7 7. d5 exd5 8. exd5 Bxf3 9. Bxf3 Ne5 10. Be2 0-0 11. f4 Ned7 12. g4 Nc5 13. Qd4 Nfd7 14. g5 a5 15. 0-0-0 f5 16. h4 Re8 17. h5 Bf8 18. Bf3 Qb8 19. a4 Ra6 20. Bd2 Rb6 21. Nb5 c6 22. dxc6 bxc6 23. Bxc6 Rxc6 24. Qd5+ Kh8 25. Qxc6 Rc8 26. Qd5 Nxa4 27. Bxa5 Rc5 28. h6 Be7 1-0

[Event "Doeberl Cup 47th"]
[Site "Canberra"]
[Date "2009.04.11"]
[Round "6"]
[White "Ambrus, Endre"]
[Black "Schon, Eugene"]
[Result "0-1"]
[WhiteElo "2375"]
[BlackElo "2186"]
[PlyCount "152"]
[EventDate "2009.04.09"]
[EventType "swiss"]
[EventRounds "9"]
[EventCountry "AUS"]
[SourceTitle "CBM 129 Extra"]
[Source "ChessBase"]
[SourceDate "2009.05.05"]
[SourceVersion "2"]
[SourceVersionDate "2009.05.20"]
[SourceQuality "1"]

1. b3 e5 2. Bb2 Nc6 3. g3 d5 4. Bg2 Be6 5. d3 f5 6. Nd2 Be7 7. e4 Bf6 8. c4 dxe4 9. dxe4 Nb4 10. Bc3 Nd3+ 11. Kf1 f4 12. Ne2 Nh6 13. h3 Qe7 14. Nc1 Nxc1 15. Rxc1 fxg3 16. fxg3 0-0-0 17. Qe2 Bg5 18. Rd1 Rhf8+ 19. Ke1 Qc5 20. Rf1 Rxf1+ 21. Nxf1 Rxd1+ 22. Kxd1 b5 23. Qb2 Nf7 24. cxb5 Qxb5 25. Qe2 Qc5 26. Qa6+ Kd7 27. Qd3+ Nd6 28. Nd2 Qg1+ 29. Qf1 Qc5 30. Qd3 Qg1+ 31. Bf1 Bxh3 32. Kc2 Bxf1 33. Nxf1 Qg2+ 34. Bd2 Bf6 35. Kd1 Qxe4 36. Qa6 Qd4 37. Ke2 Qb6 38. Qa3 Nb5 39. Qa4 Qc6 40. Qg4+ Kd8 41. Ne3 Nd4+ 42. Kf2 Qd7 43. Qe4 Qc6 44. Qg4 Qh1 45. Ng2 Qb1 46. Bg5 Qxa2+ 47. Kg1 Qb1+ 48. Kh2 Qg6 49. Bxf6+ gxf6 50. Qd1 Kc8 51. Qf1 Qf5 52. Qa6+ Kd8 53. Nh4 Nf3+ 54. Nxf3 Qxf3 55. Qe6 h5 56. Qg8+ Kd7 57. Qf7+ Kc6 58. Qc4+ Kd6 59. Qb4+ Kd7 60. Qb5+ Qc6 61. Qd3+ Kc8 62. Qg6 Kb7 63. b4 Qf3 64. Qe8 a6 65. Qe6 Qe2+ 66. Kg1 Qe1+ 67. Kh2 Qxb4 68. Qxf6 Qc3 69. Qf7 Qc2+ 70. Kh3 Qd1 71. Kh2 e4 72. Qc4 Qd2+ 73. Kh3 e3 74. Qb3+ Ka7 75. Qc4 Qd6 76. Qc3 Qd7+ 0-1

[Event "Doeberl Cup 47th"]
[Site "Canberra"]
[Date "2009.04.11"]
[Round "5"]
[White "Jones, Gawain C B"]
[Black "Ambrus, Endre"]
[Result "1-0"]
[WhiteElo "2550"]
[BlackElo "2375"]
[PlyCount "79"]
[EventDate "2009.04.09"]
[EventType "swiss"]
[EventRounds "9"]
[EventCountry "AUS"]
[SourceTitle "CBM 129 Extra"]
[Source "ChessBase"]
[SourceDate "2009.05.05"]
[SourceVersion "2"]
[SourceVersionDate "2009.05.20"]
[SourceQuality "1"]

1. e4 Nc6 2. Nf3 e5 3. Bb5 a6 4. Bxc6 dxc6 5. 0-0 Qd6 6. c3 Bg4 7. h3 Bh5 8. d4 f6 9. Be3 0-0-0 10. Nbd2 Qe6 11. Re1 h6 12. Nf1 g5 13. Ng3 Bg6 14. Qb3 Qxb3 15. axb3 Bd6 16. dxe5 fxe5 17. Ra5 Re8 18. Nd2 Nf6 19. f3 Nh5 20. Nxh5 Bxh5 21. b4 Bf7 22. Kf2 Kd7 23. Rh1 Ke6 24. h4 gxh4 25. Rxh4 h5 26. g3 Be7 27. Rh1 Reg8 28. f4 exf4 29. gxf4 Rg4 30. Nf3 Rhg8 31. f5+ Kd7 32. Ne5+ Ke8 33. Nxg4 Rxg4 34. Kf3 b6 35. Raa1 Rg7 36. Rhg1 Rh7 37. Bg5 Bd6 38. Rxa6 c5 39. Ra8+ Kd7 40. b5 1-0

[Event "Doeberl Cup 47th"]
[Site "Canberra"]
[Date "2009.04.10"]
[Round "3"]
[White "Sriram, Jha"]
[Black "Ambrus, Endre"]
[Result "1/2-1/2"]
[WhiteElo "2453"]
[BlackElo "2375"]
[PlyCount "86"]
[EventDate "2009.04.09"]
[EventType "swiss"]
[EventRounds "9"]
[EventCountry "AUS"]
[SourceTitle "CBM 129 Extra"]
[Source "ChessBase"]
[SourceDate "2009.05.05"]
[SourceVersion "2"]
[SourceVersionDate "2009.05.20"]
[SourceQuality "1"]

1. d4 d6 2. Nf3 Nc6 3. g3 Bf5 4. c4 Qd7 5. Nc3 Nf6 6. d5 Ne5 7. Nxe5 dxe5 8. Qb3 Qc8 9. Bg2 g6 10. e4 Bd7 11. Be3 Ng4 12. Bd2 Bh6 13. 0-0-0 Bxd2+ 14. Rxd2 b6 15. h3 Nh6 16. f4 f6 17. fxe5 fxe5 18. Rf2 Nf7 19. h4 Qa6 20. Nb5 Rc8 21. Kb1 Qa5 22. Rc1 a6 23. Nc3 Qc5 24. Nd1 0-0 25. Qc3 a5 26. Qe3 Qxe3 27. Nxe3 Nh6 28. Rcf1 Rxf2 29. Rxf2 Ng4 30. Nxg4 Bxg4 31. Kc2 Rf8 32. Rxf8+ Kxf8 33. b4 Kf7 34. bxa5 bxa5 35. c5 Kf6 36. Bf1 g5 37. Kb3 Bd1+ 38. Kc4 Ba4 39. Bh3 gxh4 40. gxh4 h6 41. Bf5 Kf7 42. c6 Kf6 43. Kc5 Kf7 1/2-1/2

[Event "Doeberl Cup 47th"]
[Site "Canberra"]
[Date "2009.04.09"]
[Round "2"]
[White "Ambrus, Endre"]
[Black "Brown, Andrew"]
[Result "1-0"]
[WhiteElo "2375"]
[BlackElo "2085"]
[PlyCount "97"]
[EventDate "2009.04.09"]
[EventType "swiss"]
[EventRounds "9"]
[EventCountry "AUS"]
[SourceTitle "CBM 129 Extra"]
[Source "ChessBase"]
[SourceDate "2009.05.05"]
[SourceVersion "2"]
[SourceVersionDate "2009.05.20"]
[SourceQuality "1"]

1. Nf3 g6 2. e4 Bg7 3. Bc4 c5 4. c3 e6 5. 0-0 Ne7 6. Bb3 0-0 7. d3 b6 8. Bf4 d6 9. Qd2 Bb7 10. Na3 a5 11. Nb5 e5 12. Bh6 a4 13. Bc2 Bc6 14. Na3 b5 15. d4 f6 16. Rfd1 Na6 17. h4 Qc7 18. Rac1 Qb7 19. Bxg7 Kxg7 20. Qe3 Be8 21. Rd2 Rc8 22. dxe5 dxe5 23. Rcd1 c4 24. Nh2 Nc5 25. Ng4 Ng8 26. Rd5 Ne6 27. Rd6 Rc6 28. Qd2 Nf4 29. Bb1 Nd3 30. Rd5 Rc7 31. Bxd3 cxd3 32. f3 b4 33. cxb4 Bf7 34. Rxd3 Bxa2 35. Ne3 Bb3 36. Nd5 Rd7 37. Rc1 Rfd8 38. Nc4 Ne7 39. Ncb6 Qxb6+ 40. Nxb6 Rxd3 41. Qf2 R8d4 42. Rc7 Kf8 43. Nc8 Nxc8 44. Rxc8+ Ke7 45. b5 Rd2 46. Qe3 Rxb2 47. Qh6 Kf7 48. Qf8+ Ke6 49. Rc6+ 1-0

[Event "Doeberl Cup 47th"]
[Site "Canberra"]
[Date "2009.04.09"]
[Round "1"]
[White "Bennett, Hilton Petrie"]
[Black "Ambrus, Endre"]
[Result "0-1"]
[WhiteElo "2028"]
[BlackElo "2375"]
[PlyCount "70"]
[EventDate "2009.04.09"]
[EventType "swiss"]
[EventRounds "9"]
[EventCountry "AUS"]
[SourceTitle "CBM 129 Extra"]
[Source "ChessBase"]
[SourceDate "2009.05.05"]
[SourceVersion "2"]
[SourceVersionDate "2009.05.20"]
[SourceQuality "1"]

1. e4 Nc6 2. Nc3 d6 3. Bc4 Nf6 4. d3 g6 5. f4 Bg4 6. Nge2 Na5 7. Bb3 c6 8. h3 Bd7 9. Bxf7+ Kxf7 10. b4 Bg7 11. bxa5 Rf8 12. Bd2 Qxa5 13. Rb1 Qc7 14. 0-0 b5 15. Qe1 Kg8 16. Ng3 a5 17. f5 e5 18. Kh1 Be8 19. Nce2 b4 20. Ng1 d5 21. Nf3 dxe4 22. dxe4 Bf7 23. Ra1 Bc4 24. Rf2 Ne8 25. fxg6 hxg6 26. Ng5 Nd6 27. a3 c5 28. axb4 cxb4 29. Qe3 Bh6 30. h4 Rxf2 31. Qxf2 Rf8 32. Qe3 Rf4 33. Kg1 Rxh4 34. Qf3 Nf7 35. Qf6 Qa7+ 0-1

[Event "Doeberl Cup 46th"]
[Site "Canberra"]
[Date "2008.03.21"]
[Round "4"]
[White "Ambrus, Endre"]
[Black "Ikeda, Junta"]
[Result "1-0"]
[WhiteElo "2378"]
[BlackElo "2201"]
[PlyCount "61"]
[EventDate "2008.03.20"]
[EventType "swiss"]
[EventRounds "9"]
[EventCountry "AUS"]
[SourceTitle "CBM 123 Extra"]
[Source "ChessBase"]
[SourceDate "2008.05.06"]
[SourceVersion "1"]
[SourceVersionDate "2008.05.06"]
[SourceQuality "1"]

1. Nf3 c5 2. c4 e6 3. g3 b6 4. Bg2 Bb7 5. 0-0 Nf6 6. Nc3 a6 7. a3 Qc7 8. d3 Nc6 9. Rb1 Be7 10. Bf4 d6 11. b4 Nb8 12. bxc5 bxc5 13. Rxb7 Qxb7 14. Ne5 Qa7 15. Nc6 Nxc6 16. Bxc6+ Kf8 17. Bxa8 Qxa8 18. Qb3 g5 19. Bxg5 Ng4 20. Bf4 h5 21. Rb1 Kg7 22. Qb7 Qd8 23. Rb6 h4 24. h3 hxg3 25. hxg4 gxf2+ 26. Kf1 Bg5 27. Bxd6 Qf6 28. Qe4 Rh1+ 29. Qxh1 Qxc3 30. Rb1 Be3 31. Qe4 1-0

[Event "Petrov Memorial op"]
[Site "St Petersburg"]
[Date "2002.02.20"]
[Round "9"]
[White "Ambrus, Endre"]
[Black "Popov, Valerij"]
[Result "0-1"]
[WhiteElo "2407"]
[BlackElo "2593"]
[PlyCount "48"]
[EventDate "2002.02.12"]
[EventType "swiss"]
[EventRounds "9"]
[EventCountry "RUS"]
[SourceTitle "CBM 086 Extra"]
[Source "ChessBase"]
[SourceDate "2002.03.14"]
[SourceVersion "1"]
[SourceVersionDate "2002.03.14"]
[SourceQuality "1"]

1. b3 d5 2. Bb2 Nf6 3. g3 g6 4. Bg2 Bg7 5. Nf3 0-0 6. 0-0 c5 7. d3 Qc7 8. Nbd2 Rd8 9. c4 d4 10. b4 e5 11. bxc5 Qxc5 12. Ng5 h6 13. Nge4 Nxe4 14. Nxe4 Qc7 15. c5 Na6 16. f4 f5 17. Qb3+ Kh7 18. fxe5 fxe4 19. Rf7 Qxe5 20. e3 Nxc5 21. exd4 Nxb3 22. dxe5 Nxa1 23. e6 Rg8 24. Bh3 exd3 0-1

[Event "Petrov Memorial op"]
[Site "St Petersburg"]
[Date "2002.02.18"]
[Round "7"]
[White "Ambrus, Endre"]
[Black "Gavryushin, Oleg"]
[Result "1/2-1/2"]
[WhiteElo "2407"]
[BlackElo "2335"]
[PlyCount "93"]
[EventDate "2002.02.12"]
[EventType "swiss"]
[EventRounds "9"]
[EventCountry "RUS"]
[SourceTitle "CBM 086 Extra"]
[Source "ChessBase"]
[SourceDate "2002.03.14"]
[SourceVersion "1"]
[SourceVersionDate "2002.03.14"]
[SourceQuality "1"]

1. b3 Nf6 2. Bb2 d5 3. Nf3 g6 4. c4 c6 5. g3 Bg7 6. Bg2 0-0 7. 0-0 Bg4 8. h3 Bxf3 9. Bxf3 Nbd7 10. cxd5 cxd5 11. Nc3 e6 12. d4 Qa5 13. Qd2 Rfc8 14. Rac1 Bf8 15. Rc2 Qd8 16. Rfc1 Nb6 17. Kg2 a6 18. Qd3 Rc6 19. a4 Rac8 20. e3 R8c7 21. Bd1 Qc8 22. f3 Nbd7 23. Ne2 Rxc2 24. Rxc2 Nb8 25. e4 Nc6 26. Qc3 Be7 27. Nf4 dxe4 28. d5 e5 29. fxe4 exf4 30. gxf4 Qd7 31. Bf3 Bd8 32. dxc6 Rxc6 33. Qd2 Rd6 34. Qb4 Rd3 35. Ba3 h6 36. Rf2 Nh7 37. e5 Bh4 38. Re2 Rxf3 39. Kxf3 Qd3+ 40. Re3 Qd1+ 41. Kg2 Qc2+ 42. Kf3 Qd1+ 43. Re2 Qd3+ 44. Re3 Qd1+ 45. Re2 Qd3+ 46. Re3 Qd1+ 47. Re2 1/2-1/2

[Event "Petrov Memorial op"]
[Site "St Petersburg"]
[Date "2002.02.16"]
[Round "5"]
[White "Psakhis, Lev"]
[Black "Ambrus, Endre"]
[Result "1/2-1/2"]
[WhiteElo "2572"]
[BlackElo "2407"]
[PlyCount "94"]
[EventDate "2002.02.12"]
[EventType "swiss"]
[EventRounds "9"]
[EventCountry "RUS"]
[SourceTitle "CBM 086 Extra"]
[Source "ChessBase"]
[SourceDate "2002.03.14"]
[SourceVersion "1"]
[SourceVersionDate "2002.03.14"]
[SourceQuality "1"]

1. c4 c5 2. Nf3 Nc6 3. d4 cxd4 4. Nxd4 e6 5. Nc3 Bb4 6. Ndb5 Nf6 7. Bf4 Ne4 8. Qd3 Nxc3 9. bxc3 Qf6 10. g3 0-0 11. Bg2 e5 12. cxb4 exf4 13. 0-0 Nxb4 14. Qd2 f3 15. Bxf3 Na6 16. Qe3 Qb6 17. Qxb6 axb6 18. Rfb1 Nc5 19. Nd6 Ra6 20. Bd5 g6 21. e4 Kg7 22. e5 f6 23. exf6+ Kxf6 24. Re1 b5 25. Ne8+ Kg5 26. cxb5 Rb6 27. h4+ Kh6 28. Re7 Rxb5 29. Nd6 Rb2 30. Nf7+ Kg7 31. Ng5+ Kf6 32. Rxh7 Ke5 33. Bf3 d5 34. Rd1 d4 35. h5 gxh5 36. Rxh5 Bf5 37. g4 Bg6 38. Nf7+ Kf4 39. Rxd4+ Kxf3 40. Ne5+ Ke2 41. Nxg6 Rb1+ 42. Kg2 Rxf2+ 43. Kg3 Rg1+ 44. Kh3 Rh1+ 45. Kg3 Rg1+ 46. Kh3 Rh1+ 47. Kg3 Rg1+ 1/2-1/2

[Event "St Petersburg White Nights op1"]
[Site "St Petersburg"]
[Date "2002.??.??"]
[Round "3"]
[White "Iljin, Artem"]
[Black "Ambrus, Endre"]
[Result "1/2-1/2"]
[WhiteElo "2364"]
[BlackElo "2407"]
[PlyCount "83"]
[EventDate "2002.??.??"]
[EventType "swiss"]
[EventRounds "9"]
[EventCountry "RUS"]
[SourceTitle "EXT 2003"]
[Source "ChessBase"]
[SourceDate "2002.11.25"]
[SourceVersion "1"]
[SourceVersionDate "2002.11.25"]
[SourceQuality "1"]

1. Nf3 Nf6 2. c4 g6 3. Nc3 Bg7 4. g3 d6 5. d4 0-0 6. Bg2 c6 7. 0-0 Be6 8. d5 Bf5 9. Nd4 Bd7 10. h3 Qb6 11. Nb3 Qa6 12. Qd3 cxd5 13. cxd5 Qxd3 14. exd3 Na6 15. Re1 Rfe8 16. a3 Nc7 17. Na5 Bf5 18. Rd1 h5 19. Be3 Nd7 20. Rac1 Ne5 21. d4 Nd7 22. Na4 Rec8 23. Nxb7 Nf6 24. Nc3 Rcb8 25. Na5 Rxb2 26. Na4 Rb5 27. Nc6 Bf8 28. Nxe7+ Bxe7 29. Rxc7 Bd8 30. Rc6 Ne8 31. Rdc1 Bd7 32. Ra6 Rb3 33. Nc3 Bb6 34. Na4 Bd8 35. Nc3 Bc8 36. Ra4 a5 37. Rc4 Ba6 38. Rc6 Bb7 39. Rc4 Ba6 40. Rc6 Bb7 41. Rc4 Ba6 42. Rc6 1/2-1/2

[Event "Chigorin Memorial 09th"]
[Site "St Petersburg"]
[Date "2001.10.29"]
[Round "4"]
[White "Ambrus, Endre"]
[Black "Weetik, Vjacheslav"]
[Result "1/2-1/2"]
[WhiteElo "2400"]
[BlackElo "2290"]
[PlyCount "86"]
[EventDate "2001.10.26"]
[EventType "swiss"]
[EventRounds "9"]
[EventCountry "RUS"]
[SourceTitle "EXT 2002"]
[Source "ChessBase"]
[SourceDate "2001.11.25"]
[SourceVersion "1"]
[SourceVersionDate "2001.11.25"]
[SourceQuality "1"]

1. e4 e6 2. d3 d5 3. Nd2 Nf6 4. Ngf3 b6 5. Be2 c5 6. 0-0 Bb7 7. e5 Nfd7 8. d4 Be7 9. c4 0-0 10. cxd5 Bxd5 11. Nc4 cxd4 12. Qxd4 Nc6 13. Qg4 Bxf3 14. Qxf3 Ndxe5 15. Nxe5 Nxe5 16. Qh5 Bf6 17. Rd1 Qe7 18. Bf4 g6 19. Qh3 Rac8 20. Qg3 Rc5 21. Rac1 Rfc8 22. Rxc5 Qxc5 23. b4 Qc2 24. Rc1 Qxc1+ 25. Bxc1 Rxc1+ 26. Bf1 Kg7 27. Qa3 Rb1 28. b5 Nc4 29. Qd3 Rc1 30. g3 Ne5 31. Qa3 Rc7 32. f4 Ng4 33. Qd6 Rc3 34. Be2 Ne3 35. g4 Nd5 36. Kg2 g5 37. fxg5 Bxg5 38. Qe5+ f6 39. Qd6 Nf4+ 40. Kf1 Rc1+ 41. Kf2 Rc2 42. Qe7+ Kg6 43. Qe8+ Kg7 1/2-1/2

[Event "Chigorin Memorial 09th"]
[Site "St Petersburg"]
[Date "2001.10.03"]
[Round "9"]
[White "Yevseev, Denis"]
[Black "Ambrus, Endre"]
[Result "1-0"]
[WhiteElo "2541"]
[BlackElo "2400"]
[PlyCount "91"]
[EventDate "2001.10.26"]
[EventType "swiss"]
[EventRounds "9"]
[EventCountry "RUS"]
[SourceTitle "EXT 2002"]
[Source "ChessBase"]
[SourceDate "2001.11.25"]
[SourceVersion "1"]
[SourceVersionDate "2001.11.25"]
[SourceQuality "1"]

1. d4 Nc6 2. d5 Ne5 3. e4 e6 4. Nc3 Bc5 5. dxe6 dxe6 6. Qxd8+ Kxd8 7. Bf4 Ng6 8. 0-0-0+ Bd7 9. Bg3 Nf6 10. Be2 h5 11. h4 Ng4 12. Bxg4 hxg4 13. f3 gxf3 14. Nxf3 f6 15. h5 Nf8 16. Rd3 e5 17. h6 g5 18. Nd5 Be7 19. Nxe5 fxe5 20. Bxe5 Rh7 21. Bf6 Bxf6 22. Nxf6 Ke7 23. Nxh7 Nxh7 24. Rc3 c6 25. Kd2 Nf6 26. Ke3 Ng4+ 27. Ke2 Rh8 28. h7 Nf6 29. e5 Bg4+ 30. Ke1 Ne4 31. Rb3 b6 32. Ra3 a5 33. Rh6 Bd7 34. Re3 Nc5 35. Rf3 Ne6 36. Rf5 g4 37. Kf2 Nd8 38. Rg5 Nf7 39. Rg8 Be6 40. Rxh8 Nxh8 41. Kg3 Bd5 42. Rf6 b5 43. Kxg4 Bxg2 44. Rf4 Bd5 45. Kg5 Bf7 46. Rf6 1-0

[Event "ROM-ch sf"]
[Site "Baile Tusnad"]
[Date "2000.??.??"]
[Round "7"]
[White "Aldea, Laurentiu Ioan"]
[Black "Ambrus, Endre"]
[Result "1-0"]
[WhiteElo "2181"]
[BlackElo "2280"]
[PlyCount "119"]
[EventDate "2000.05.??"]
[EventType "swiss"]
[EventRounds "11"]
[EventCountry "ROU"]
[SourceTitle "EXT 2001"]
[Source "ChessBase"]
[SourceDate "2000.11.22"]
[SourceVersion "1"]
[SourceVersionDate "2000.11.22"]
[SourceQuality "1"]

1. e4 e5 2. Nf3 Nc6 3. Bb5 a6 4. Bxc6 dxc6 5. 0-0 Qd6 6. d4 exd4 7. Nxd4 Bd7 8. Be3 0-0-0 9. Nd2 Qg6 10. Qe2 Nh6 11. f3 Bc5 12. c3 Rhe8 13. b4 Bd6 14. f4 c5 15. bxc5 Bxc5 16. f5 Qg4 17. Qf2 Bd6 18. h3 Qg3 19. Qxg3 Bxg3 20. f6 Be5 21. fxg7 Ng8 22. Rxf7 c5 23. N4f3 Bxc3 24. Rc1 Be6 25. Rf8 Bxg7 26. Rxe8 Rxe8 27. Rxc5+ Kb8 28. a4 Bf8 29. Bf4+ Ka7 30. Rc7 Re7 31. Be3+ Kb8 32. Rc2 a5 33. Bb6 Bd7 34. Rc4 Bc6 35. Bxa5 Bh6 36. Bc3 Be8 37. Kf2 Rd7 38. Ke2 Ne7 39. Ne5 Rd6 40. Ng4 Bf4 41. e5 Rc6 42. Rxf4 Rxc3 43. Ne3 Ng6 44. Rd4 Nxe5 45. Re4 Rc5 46. Nb3 Rc3 47. Rxe5 Bxa4 48. Nd4 Rc7 49. g4 Rf7 50. Nef5 Kc7 51. h4 Bd7 52. g5 Rf8 53. Ke3 Re8 54. Rxe8 Bxe8 55. Ne6+ Kc6 56. Nf8 Kc5 57. Nd4 b5 58. Nxh7 b4 59. Nf6 Bf7 60. h5 1-0

[Event "ROM-ch sf"]
[Site "Baile Tusnad"]
[Date "2000.??.??"]
[Round "2"]
[White "Ambrus, Endre"]
[Black "Ardeleanu, Alin"]
[Result "1/2-1/2"]
[WhiteElo "2280"]
[BlackElo "2409"]
[PlyCount "99"]
[EventDate "2000.05.??"]
[EventType "swiss"]
[EventRounds "11"]
[EventCountry "ROU"]
[SourceTitle "EXT 2001"]
[Source "ChessBase"]
[SourceDate "2000.11.22"]
[SourceVersion "1"]
[SourceVersionDate "2000.11.22"]
[SourceQuality "1"]

1. b3 e5 2. Bb2 Nc6 3. c4 Nf6 4. a3 d5 5. cxd5 Nxd5 6. e3 a6 7. Qc2 Be7 8. Nf3 Bf6 9. d3 0-0 10. Nbd2 g6 11. Be2 Bg7 12. 0-0 h6 13. Rac1 Kh7 14. Rfd1 Qe7 15. Bf1 Re8 16. Ne4 Qf8 17. Nc5 Nde7 18. d4 exd4 19. Nxd4 Ne5 20. Nd3 Nxd3 21. Bxd3 c6 22. e4 Ng8 23. b4 Bd7 24. Bc4 Rad8 25. f3 f5 26. Nb3 Bc8 27. Nc5 Qe7 28. Bxg7 Kxg7 29. Qc3+ Qf6 30. Rxd8 Qxc3 31. Rxc3 Rxd8 32. Rd3 Rxd3 33. Bxd3 Nf6 34. Kf2 Ne8 35. Ke3 Nc7 36. Na4 Kf6 37. Nb6 Be6 38. a4 Ke5 39. a5 g5 40. g3 Kd6 41. Kd4 Nb5+ 42. Bxb5 axb5 43. Na8 c5+ 44. bxc5+ Kc6 45. Nb6 b4 46. Nd5 b3 47. Nb4+ Kb5 48. Nd3 Kxa5 49. Kc3 Ka4 50. f4 1/2-1/2

[Event "ROM-ch sf"]
[Site "Baile Tusnad"]
[Date "2000.??.??"]
[Round "3"]
[White "Ambrus, Endre"]
[Black "Foisor, Ovidiu Doru"]
[Result "1/2-1/2"]
[WhiteElo "2280"]
[BlackElo "2424"]
[PlyCount "73"]
[EventDate "2000.05.??"]
[EventType "swiss"]
[EventRounds "11"]
[EventCountry "ROU"]
[SourceTitle "EXT 2001"]
[Source "ChessBase"]
[SourceDate "2000.11.22"]
[SourceVersion "1"]
[SourceVersionDate "2000.11.22"]
[SourceQuality "1"]

1. e4 e6 2. d3 c5 3. Nf3 Nc6 4. g3 g6 5. Bg2 Bg7 6. 0-0 Nge7 7. Re1 d6 8. c3 e5 9. Be3 0-0 10. h3 h6 11. d4 exd4 12. cxd4 d5 13. e5 cxd4 14. Bxd4 Nf5 15. Bc5 Re8 16. g4 Nh4 17. Nxh4 Qxh4 18. f4 d4 19. Nd2 h5 20. Nf3 Qg3 21. Nxd4 hxg4 22. Ne2 Qh4 23. Bf2 Qh6 24. h4 Be6 25. Qa4 a6 26. Rad1 b5 27. Qe4 Rac8 28. Rd6 Ne7 29. Nd4 Nf5 30. Nxf5 Bxf5 31. Qe3 Bf8 32. Rxa6 Rc4 33. Qg3 Rd8 34. Rc6 Rd3 35. Re3 Rd1+ 36. Re1 Rd3 37. Re3 1/2-1/2